000 01523cam a22004094a 4500
001 14458810
005 20070604150156.0
008 060719s2007 stka b 001 0 eng
010 _a 2006046782
015 _aGBA687900
_2bnb
016 7 _a101282891
_2DNLM
016 7 _a013578370
_2Uk
020 _a0723433569
020 _a9780723433569
035 _a(OCoLC)ocm70713499
035 _a(OCoLC)70713499
040 _aDNLM/DLC
_cDLC
_dNLM
_dUKM
_dBWKUK
_dYDXCP
_dBTCTA
_dBAKER
_dDLC
042 _apcc
050 0 0 _aRT41
_b.F584 2007
060 0 0 _a2007 C-825
060 1 0 _aWY 100
_bF7711 2007
082 0 0 _a610.73
_222
_bFOU
245 0 0 _aFoundations of nursing practice :
_bfundamentals of holistic care /
_cedited by Chris Brooker, Anne Waugh ; foreword by Roger Watson.
260 _aEdinburgh ;
_aNew York :
_bMosby/Elsevier,
_cc.2007.
300 _axvi, 758 p. :
_bill. ;
_c28 cm.
500 _aIncludes Index.
504 _aIncludes bibliographical references and index.
650 0 _aNursing.
_912244
650 1 2 _aNursing.
_912245
650 2 2 _aNursing Care.
_912246
650 2 2 _aNursing Process.
_912247
700 1 _aBooker, Chris,
_cBSc.
_912248
700 1 _aWaugh, Anne.
_912249
942 _2ddc
_cNRB
999 _c13582
_d13582